00494nam a22001337a 4500008004100000082001600041110003200057245009400089260004800183300000700231942001200238999001500250952009500265230621b xxu||||| |||| 00| 0 eng d a328.03bNAZ bNational Assembly of Zambia aParliamentary Procedure Abstract Series 2bBrochure for Visitors to the national Assembly bNational Assembly Research Departmentc1995 a4p 2ddccBK c2027d2027 00102ddc4070a002b002d2023-06-21l0o328.03 NAZp10014199r2023-06-21w2023-06-21yBK